000 00916nam0a22002891 4500
001 rc\3441043
005 20250610004322.0
021 _aRU
_b[70-61306]
035 _a(NLR Aleph) 007590398
090 _a5605152
_c5605152
100 _a20130115d1970 |||y0rusy50 ca
101 0 _arus
102 _aRU
105 _ay z |||||
200 1 _aСуществуют ли К-мезонные ядра?
210 _aСерпухов
_cБ. и.
_d1970
215 _a7 с.
_d25
225 1 _aИнститут физики высоких энергий "ИФВЭ".[Издания]
_vСТФ/СПК 70-30
320 _aБиблиогр.: с. 7
606 _aМезоядра
_2psbo
700 1 _aГерштейн
_bС.С.
_f1929-
_gСемен Соломонович
701 1 _aШляпников
_bП.В.
801 0 _aRU
_bNLR
_gpsbo
801 1 _aRU
_bELAR
_2rusmarc
852 _aNLR
_jП7/1175
942 _cBOOK
980 _aNB